| 000 | 00427nam a2200169Ia 4500 | ||
|---|---|---|---|
| 003 | GCL | ||
| 008 | 140319s9999 xx 000 0 eng d | ||
| 040 |
_aGCL / _cGCL |
||
| 082 | 0 | 4 |
_a741.6 _bR S |
| 100 | 1 | _aRADICE, JUDI | |
| 245 | 1 | 0 |
_aSHOPPING BAG DESIGN 2 / _cRADICE, JUDI |
| 260 |
_a[S.N] : _bPBC INTERNATIONAL .INC ، _c1991 |
||
| 300 | _a239 P | ||
| 650 | 0 | 4 | _aSHOPPING BAGS |
| 650 | 0 | 4 | _aGRAPHIC ARTS |
| 942 |
_2ddc _cBK |
||
| 999 |
_c22790 _d22790 |
||